Teórie účtov ako súčasť teórie účtovníctva a východisko pre súčasnú metodiku účtovníctva diplomová práca

Enregistré dans:
Détails bibliographiques
Auteur principal: Šarmír, Roman
Collectivité auteur: Fakulta hospodárskej informatiky EU. Katedra účtovníctva a audítorstva
Autres auteurs: Feketeová, Renáta, 1974-
Format: Livre
Langue:slovaque
Publié: Bratislava 2008
Tags: Ajouter un tag
Pas de tags, Soyez le premier à ajouter un tag!

MARC

LEADER 00000nam$a2200000$$$4500
001 0085112
005 20240201120514.6
041 0 |a slo 
044 |a SK 
245 1 0 |a Teórie účtov ako súčasť teórie účtovníctva a východisko pre súčasnú metodiku účtovníctva  |b diplomová práca  |c Roman Šarmír ; škol. Renáta Feketeová 
264 1 |a Bratislava  |c 2008 
300 |a 66 s. 
100 1 |a Šarmír, Roman 
700 1 |a Feketeová, Renáta, 1974- 
710 2 |a Fakulta hospodárskej informatiky EU. Katedra účtovníctva a audítorstva